| 000 | 01190nam a2200361 a 4500 | ||
|---|---|---|---|
| 001 | 20869 | ||
| 003 | VRT | ||
| 005 | 20260206113349.0 | ||
| 008 | 251029s1989 xr a c slo | ||
| 020 |
_a808511013X _c7,00 |
||
| 035 | _aSNK000161491 | ||
| 035 | _aurn:nbn:sk:snk-amkf4y | ||
| 035 | _aurn:nbn:sk:snk-am003cl1 | ||
| 035 | _a60965481-7EA1-41D6-BCEC-CA30AAEB4574 | ||
| 039 | 9 |
_a202510291201 _bVLOAD _c202407031347 _dVLOAD _c202403181733 _dVLOAD _c202402262051 _dVLOAD |
|
| 040 |
_aSNK _bslo _cSNK _eAACR2 |
||
| 041 | 1 |
_aslo _hcze |
|
| 044 |
_axr _cCZ |
||
| 080 |
_a929(100) _21981 |
||
| 100 | 1 |
_aHotmar, Josef, _d1933- _4aut |
|
| 245 | 1 | 0 |
_aPosolstvo od gilotíny _cJosef Hotmar ; [preložil Ladislav Krátky] |
| 260 |
_aPraha _bNaše vojsko _c1989 |
||
| 300 |
_a124 s. _c20 cm |
||
| 490 | 1 |
_aMagnet _v7/89 |
|
| 650 | 0 | 7 |
_aosobnosti _2SNKPH |
| 655 | 7 |
_abiografické črty _2SNKPH |
|
| 700 | 1 |
_aKrátky, Ladislav _4trl |
|
| 830 | 0 | _aMagnet | |
| 942 |
_2ddc _cKLDO _n0 |
||
| 949 |
_617A0006090 _9P60, <03>, [BOOK], {603} _asnkSC 90750 _bsnkK 726/96 _s6100:20140925 |
||
| 949 |
_617A1125771 _asnkSC 90750 D1 _bsnk2017/17704 _o297/17 |
||
| 999 |
_c20869 _d20869 |
||